| 000 | 00504pab a2200169 454500 | ||
|---|---|---|---|
| 008 | 180718b2008 xxu||||| |||| 00| 0 eng d | ||
| 100 | _aMukherji, Indra Nath | ||
| 245 | _aTransiting from SAPTA to SAFTA (challenges and opportunities for Indo-Bangladesh trade) | ||
| 260 | _c2008 | ||
| 300 | _ap.89-108. | ||
| 362 | _aMar | ||
| 650 | _aSouth asian Preferential Trading Arrangement | ||
| 650 | _aSouth Asian Free Trade Arrangements | ||
| 773 | _aMan and Development | ||
| 908 | _aN | ||
| 909 | _a78013 | ||
| 999 |
_c78013 _d78013 |
||